000 00586nam a22002177a 4500
003 OSt
005 20140310182825.0
008 130528t xxu||||| |||| 00| 0 eng d
020 _a9780840034113
050 _aHV 43
_b.D664 2012
082 _aM 174.9362
_bD664 2012
245 _aEthical decisions for social work practice
_cDolgoff, Ralph
250 _a9th ed.
260 _aBelmont, CA
_bThomson Brooks/Cole
_cc2012
300 _axiii, 322 p.
_bill.
_c24 cm.
521 _aCollege students
526 _c1210L-1700L
541 _j1
562 _e1
942 _2lcc
_cBK
_kM
999 _c16480
_d16480